00530nam a2200205Ia 450000500170000000800410001702000180005804100120007608200150008810000200010324500440012325000120016726000560017930000200023544000110025565000140026665000160028065000080029670000200030420260429112153.0260429s9999||||xx |||||||||||||| ||und|| a9781787151994 aEnglish a347.7bKAU aKauffman, James 0aBusiness law, Vol. 2 / cJames Kauffman a1st ed. aUnited Kingdom : bKruger Brentt Publishers,c2024. axii, 396 p.; hb vVol. 2 a Business a Management aLaw a Anders, Samuel